| 000 | 00931cam a2200253 a 4500 | ||
|---|---|---|---|
| 001 | 14689765 | ||
| 005 | 20180209033042.0 | ||
| 008 | 070109s2008 njuab b 001 0 eng | ||
| 010 | _a 2007000858 | ||
| 020 | _a9780132239011 (9780132239011) | ||
| 020 | _a0132239019 (9780132239011) | ||
| 035 | _a(OCoLC)ocm78789029 | ||
| 040 |
_aDLC _cDLC _dYDX _dBAKER _dYDXCP _dBTCTA _dMUQ _dYBM _dOCLCG _dDLC |
||
| 041 | _aeng | ||
| 080 | _a910.02 | ||
| 082 | 0 | 0 |
_a910.02 MCK _222 |
| 100 | 1 | _a42 | |
| 101 | _aGJEO | ||
| 245 | 1 | 0 |
_aPhysical geography : _cTom L. McKnight, Darrel Hess. |
| 504 | _aIncludes bibliographical references and index. | ||
| 906 |
_a7 _bcbc _corignew _d1 _eecip _f20 _gy-gencatlg |
||
| 942 |
_2ddc _cBK |
||
| 999 |
_c42206 _d42206 |
||